| 000 | 00748nab a2200229 4500 | ||
|---|---|---|---|
| 003 | BR-BrBNA | ||
| 005 | 20251223132159.0 | ||
| 008 | 251223b bl.||||| |||| 00| 0 por d | ||
| 040 |
_aBR-BrBNA _bpor |
||
| 072 |
_aF01 ; E16 ; J10 ; E70 ; E71 _b0120 |
||
| 100 | _aSantiago, Darlene | ||
| 245 |
_aMomento de decisão _bAgroeconomia |
||
| 500 | _a4 illus. | ||
| 650 | _aMILHO | ||
| 650 | _aSUPERPRODUÇÃO | ||
| 650 | _aCOMERCIALIZAÇÃO | ||
| 650 | _aEXPORTAÇÃO | ||
| 650 | _aLOGÍSTICA | ||
| 773 | 0 |
_01706 _9348082 _dSão Paulo-SP Editora Três Ltda - E-mail: luizfsa@revistadinheiro.com.br 2004 _o2025-0575 _tDinheiro Rural (Brazil) _x1807-3700 _gv. 9(103) p. 24-26; (May 2013) _wBR2025005300 |
|
| 942 | _cANA | ||
| 999 |
_c339555 _d339555 |
||